<?xml version="1.0" encoding="UTF-8"?><?xml-stylesheet type="text/xsl" href="static/style.xsl"?><OAI-PMH xmlns="http://www.openarchives.org/OAI/2.0/" xmlns:xsi="http://www.w3.org/2001/XMLSchema-instance" xsi:schemaLocation="http://www.openarchives.org/OAI/2.0/ http://www.openarchives.org/OAI/2.0/OAI-PMH.xsd"><responseDate>2026-04-17T00:59:15Z</responseDate><request verb="GetRecord" identifier="oai:www.recercat.cat:2072/427247" metadataPrefix="marc">https://recercat.cat/oai/request</request><GetRecord><record><header><identifier>oai:recercat.cat:2072/427247</identifier><datestamp>2026-03-13T04:33:34Z</datestamp><setSpec>com_2072_98</setSpec><setSpec>col_2072_378192</setSpec></header><metadata><record xmlns="http://www.loc.gov/MARC21/slim" xmlns:dcterms="http://purl.org/dc/terms/" xmlns:xsi="http://www.w3.org/2001/XMLSchema-instance" xmlns:doc="http://www.lyncode.com/xoai" xsi:schemaLocation="http://www.loc.gov/MARC21/slim http://www.loc.gov/standards/marcxml/schema/MARC21slim.xsd">
   <leader>00925njm 22002777a 4500</leader>
   <datafield ind2=" " ind1=" " tag="042">
      <subfield code="a">dc</subfield>
   </datafield>
   <datafield ind2=" " ind1=" " tag="720">
      <subfield code="a">Cruz Carmona, María Jesús</subfield>
      <subfield code="e">author</subfield>
   </datafield>
   <datafield ind2=" " ind1=" " tag="720">
      <subfield code="a">Ollé Monge, Marta</subfield>
      <subfield code="e">author</subfield>
   </datafield>
   <datafield ind2=" " ind1=" " tag="720">
      <subfield code="a">Vanoirbeek, Jeroen A.</subfield>
      <subfield code="e">author</subfield>
   </datafield>
   <datafield ind2=" " ind1=" " tag="720">
      <subfield code="a">Assialioui, Abdelilah</subfield>
      <subfield code="e">author</subfield>
   </datafield>
   <datafield ind2=" " ind1=" " tag="720">
      <subfield code="a">Gómez Ollés, Susana</subfield>
      <subfield code="e">author</subfield>
   </datafield>
   <datafield ind2=" " ind1=" " tag="720">
      <subfield code="a">Muñoz Gall, Francisco Javier</subfield>
      <subfield code="e">author</subfield>
   </datafield>
   <datafield ind2=" " ind1=" " tag="260">
      <subfield code="c">2016</subfield>
   </datafield>
   <datafield ind2=" " ind1=" " tag="520">
      <subfield code="a">Altres ajuts: FUCAP/FIS/PI10-00782</subfield>
   </datafield>
   <datafield ind2=" " ind1=" " tag="520">
      <subfield code="a">Exposure to ammonium persulfate (AP) has been reported to be the main cause of occupational asthma in hairdressers. The aim of this study is to assess how long the asthmatic response to AP can be induced after dermal sensitization in a mouse model. BALB/c mice received dermal applications of AP or dimethylsulfoxide (DMSO) (control) on days 1 and 8. They then received a single nasal instillation (challenge) of AP or saline on days 15, 22, 29, 36, 45, 60 and 90. Respiratory responsiveness to methacholine was measured 24 h after the challenge using a non-specific methacholine provocation test. Pulmonary inflammation was analysed in bronchoalveolar lavage (BAL), and total serum immunoglobulin (Ig) E, IgG1 and IgG2a were measured in serum samples. Histological analysis of lung slides was performed. Mice dermally sensitized and intranasally challenged with AP showed respiratory responsiveness to methacholine as long as 45 days after initial sensitization, as well as increased percentage of neutrophils in BAL compared with the control group. At day 60, dermally sensitized mice still presented bronchial hyperresponsiveness, while the percentage of neutrophils returned to baseline levels similar to those of controls. Total serum IgE increased significantly on day 22 after dermal sensitization. Total serum IgG1 and IgG2a increased from 45 days after dermal sensitization and remained high at 90 days. Both respiratory responsiveness to methacholine and airway inflammation responses decrease with increasing time between sensitization and challenge. Respiratory responsiveness to methacholine tends to persist longer than inflammation.</subfield>
   </datafield>
   <datafield tag="653" ind2=" " ind1=" ">
      <subfield code="a">Occupational asthma</subfield>
   </datafield>
   <datafield tag="653" ind2=" " ind1=" ">
      <subfield code="a">Airway hyperresponsiveness</subfield>
   </datafield>
   <datafield tag="653" ind2=" " ind1=" ">
      <subfield code="a">Lung inflammation</subfield>
   </datafield>
   <datafield tag="653" ind2=" " ind1=" ">
      <subfield code="a">Ammonium persulfate</subfield>
   </datafield>
   <datafield ind2="0" ind1="0" tag="245">
      <subfield code="a">Persistence of respiratory and inflammatory responses after dermal sensitization to persulfate salts in a mouse model of non-atopic asthma</subfield>
   </datafield>
</record></metadata></record></GetRecord></OAI-PMH>